000 00648nam a22002057a 4500
005 20180210145603.0
010 _aENG-122229
020 _a9780199477548
_c360.00
020 _a019947754X
035 _aEN-105761
037 _bDBAD/PUB
082 _a301.153
100 _aRao, Koneru Ramakrishna
245 _aGandhi's dharma /
_cby Koneru Ramakrishna Rao
260 _aNew Delhi
_bOxford University Press
_cc2017
270 _a2/11 Ground floor, Ansari Road, Daryaganj
_bNew Delhi
_e110002
300 _ax, 296p.
_b23cm(Hb)
500 _aIt includes bibliographical references and index
942 _2ddc
_cEN
_h301.153
_mRAO
999 _c149852
_d149852